Les clubs de handball en vendée - Statistiques

Statistiques générales
  • Ce quiz a été pris 56 fois
  • Le résultat moyen est 12 sur 32
Statistiques - réponses
équipes réponses % Correct
Equipes nationales : Nationale 1 Féminine – Nationale 2 Féminine – U17 Féminine Equipes régionales : Prénationale Masculine – Excellence Féminine – U17 Masculin – U16 Féminine – U15 Masculin Equipes territoriales : 1ère Division Féminine – U20 féminine Equipes départementales : 1ère Division masculine – U19 masculin – U16 masculin – U15 féminine – 2 x U14 masculins (1ère division -débutant) – U13 féminine -2 x U12 masculin (expert – débutant) – U11 féminine (nc) – U10 masculin (nc) x 2 – école de hand x 2 Section HAND FIT – Section LOISIR LA ROCHE VHB
90%
Equipes Nationales : Nationale 1 masculine Equipes Régionales : Excellence Masculine – U17 M – U15 M Equipe Territoriale : U20 féminine (entente PVHB-US Haut Bocage) Equipes Départementales : 2eme Division masculine – U19 masculin – U16 masculin – U15 féminine – 2 x U14 masculin (débutant – 1ère div) – U13 féminine – U12 masculin – U10 masculin (nc) – école de hand x 2 Section Baby hand – Section Hand Fit – Section Loisir Pouzauges VHB
79%
Equipes Régionales : Excellence Féminine Equipes départementales : 1ère Division masculine – 3ème division masculine – U19 masculin – U16 masculin – U15 féminine – U 14 masculin – 2 x U12 masculin (débutant- expert) – U11 féminine (nc) – U10 masculin (nc) – école de hand Section Loisir Les Sables EC-Olonne HB
72%
Equipes régionales : Excellence Féminine – U16 F Equipe territoriale : Equipes départementales : 1ère division masculine – 2ème division masculine – U19 masculin – U16 masculin – U15 féminin – U14 masculin – U13 féminin – U12 masculin – U11 féminine (nc) – U10 masculin (nc) x 2 – école de hand Section Loisir Challans NOV HB
69%
Equipes Régionales : Excellence féminine Equipe territoriale : U20 féminine Equipes départementales : 1ère Division masculine – 2ème Division masculine – U19 masculin – U16 masculin – 2 x U14 masculin (débutant – 1ère div) – U13 féminine – 2 x U12 masculin (débutant – expert) – U11 féminine (nc) – U10 masculins (nc) x 2 – école de hand x 2 Section Baby hand – Section Loisir – Section Hand Fit Montaigu Vendée Handball
62%
Equipe territoriale : 2ème division féminine – U20 féminine Equipes départementales : 3ème Division Masculine – U15 féminine – 2 x U14 masculin (débutant – 1ère div) – U13 féminine – U12 masculin – U11 féminine (nc) – U10 masculin (nc) – école de hand Section Baby hand – Section Loisir HBC Fontenaisien
59%
Equipe territoriale : U20 féminine Equipes départementales : U19 masculin – U16 masculin – U15 féminine – U14 masculin – U13 féminin – 2 x U12 masculin (débutant – expert) – U11 féminine (nc) U10 masculin (nc) – école de hand Section Loisir Les Herbiers VHB
55%
Equipe territoriale : 2ème Division féminine Equipes départementales : 2ème Division masculine -U17 féminine – 2 xU16 masculin (expert – 2ème division) – U15 féminin – U14 masculin – U13 féminin – U12 masculin – U10 mixte (nc) – 2 équipes école de hand CH Aizenay
52%
Equipe régionale : Prénationale féminine Equipe territoriale : 2ème division féminine Equipes départementales : 1ère Division masculine – 3ème Division masculine -U19 masculin – U17 féminine – U16 masculin – U15 féminin – U14 masculin – U13 féminin – U12 masculin – U11 féminine (nc) – U10 masculins (nc) – école de hand HBC BENET
48%
Equipe Nationale : U18 M Pays Yonnais (SLAM – Sl Vicomtais – HBC Dompierrois) Equipe régionale : U15 Masculin Equipes départementales : 1ère Division Masculine (Convention avec Poiré Bellevigny) – U16 masculin – U15 féminin – U14 masculin – U13 féminin – 2 x U12 masculin (débutant – expert) – U10 mixte (nc) x 3 – école de hand x 2 Section Baby Hand – Section Loisir – Section Hand Fit HBC Dompierrois
48%
Equipe nationale : Nationale 3 masculine Equipes régionales : Honneur masculin Equipes départementales : 1ère Division masculine – U17 féminine – U16 masculin – U14 masculin – U13 féminin – 2 x U12 masculin – U10 mixte (nc) x 2 SECTION LOISIR SLAM VHB
48%
Equipe territoriale : 1ère Division féminine Equipes départementales : 1ère Division masculine – 3ème Division masculine – U19 masculins – U16 masculins – U14 masculins – U12 masculins – U10 mixte (nc) HBC LUCONNAIS
45%
Equipes Régionales : Excellence masculine – U17 M Equipe territoriale : 2ème division féminine Equipes départementales : 1ère Division masculine – 2ème division masculine – U19 masculin – U16 masculin – U15 féminin – U13 féminin – U12 masculin – U10 masculin (nc) – 2 équipes école de hand Section Loisir LA FERRIERE VHB
45%
Equipe territoriale : 1ère division féminine – 2ème division féminine Equipes départementales : 1ère Division masculine – 3ème division masculine – 2 x U19 masculin (pré-région – 2ème division) – U16 masculin – U17 féminine – U15 féminine – U14 masculin – U13 féminine – U12 masculin – U11 féminine (nc) – U10 mixte (nc) – école de hand Section Loisir – Section Hand ensemble Chantonnay Jaudonnière Vendée Handball
38%
Equipe territoriale : 1ère Division féminine – U20 féminine Equipes départementales : 1 Division masculine (C HBC Dompierre-Poiré) – 3ème Division masculine (C.Poiré Bellevigny – Vie et Yon HB) – U19 masculin -2 x U16 masculin (expert – 2ème div) – U15 féminine – U14 masculin – U13 féminine – 2 x U12 masculin (débuant – confirmé) – U10 mixte (nc) – U10 masculin (nc) x2 Section Baby hand – Section Loisir – Section Hand Fit LE POIRE BELLEVIGNY VHB
38%
Equipe territoriale : Excellence Féminine Equipes départementales : 2ème Division Masculine – 3ème Division Masculine – U19 masculin – U17 féminin – U16 masculin – 2 x U14 masculin (1ère div – 2ème div) – U13 féminin – U12 masculin – U10 mixte (nc) SL VICOMTAIS
34%
Equipe Régionale : Excellence masculine Equipe Territoriale : 2ème division féminine – U16 masculin – U14 masculin – U13 féminine (entente avec CHB Les Achards) – U12 masculin – U10 mixte (nc) – école de hand Equipes départementales : 2ème Division masculine Talmont Handball Club
31%
Equipes départementales : 3ème division masculine – U16 masculin – U14 masculin – U13 féminine (CH Achards-Talmont) – U12 masculin – U11 féminine (nc) – U10 masculin (nc) Section Loisir CHB DES ACHARDS
28%
Equipe territoriale : 2ème division féminine Equipes départementales : 1ère Division masculine – U17 féminine – U16 masculin – U14 masculin – U12 masculin – U10 mixte (nc) – école de hand Section Loisir HBC HAVRE DE VIE
24%
Equipe territoriale : 2ème division féminine Equipes départementales : 2ème Division masculine – 3ème Division masculine – U17 féminine – U11 féminine (nc) – FOUSSAIS PAYRE HBC
21%
Equipe territoriale : D2 féminine Equipes départementales : U14 masculins – U10 mixte (nc) Section Loisir HB ST FLORENT
21%
Pas d'équipe engagé OYA CLUB
21%
Equipe territoriale : 2ème division féminine Equipes départementales : 1ère Division masculine – U19 masculin -U17 féminine – U16 masculin – U14 masculin – U13 féminine – 2 x U12 masculin (débutant – confirmé) – U10 mixte (nc) x 2 – école de hand Section Loisir Sèvre Vendée Handball
21%
Equipes départementales : 3ème division masculine – U12 masculin – U11 féminine (nc) – U10 mixte (nc) – U10 masculin (nc) – école de hand US Haut Bocage
21%
Equipes départementales : 2ème Division masculine – U16 masculin – U14 masculin – U12 masculin – 2 x U10 masculin (nc) Section Loisir PAYS DES ESSARTS HB
17%
Section Loisir SAINT PIERRE HANDBALL
17%
Equipe territoriale : 2ème division féminine Les équipes départementales : 2ème division masculine – 3ème division masculine – U17 féminine (CV Bruffière-Montaigu) – U16 masculin – U14 masculin – U12 masculin – U10 mixte (nc) Section Loisir ASBD LA Bruffière Defontaine HB
14%
Equipe départementales : U14 masculin – U12 masculin Handball Club Beauvoir sur Mer
14%
Equipe régionale : Honneur masculin – U16 Féminine Equipes départementales : U19 masculin – U16 masculin – U14 masculin – U13 féminin – U12 masculin – U11 féminine (nc) – U10 masculin (nc) – Section Loisir ST LOUIS HB CHAVAGNES EN PAILLERS
14%
Equipe territoriale : 2ème division féminine Equipe départementale : 3ème division masculine MAGNILS REIGNIERS HANDBALL
10%
Pas d'équipe engagé Handball Herminois
7%
Section Loisir SM CUGAND HBC
7%
Aucun quiz correspondant
Distribution des résultats
% des personnes avec chaque résultat
Percentile par nombre de réponses
Votre historique - résultats
Vous n’avez pas pris ce quiz